LEADER 02565nam 2200589 450 001 9910787403403321 005 20200520144314.0 010 $a1-78238-576-2 024 7 $a10.1515/9781782385769 035 $a(CKB)3710000000355268 035 $a(EBL)1707815 035 $a(OCoLC)903317533 035 $a(SSID)ssj0001423469 035 $a(PQKBManifestationID)12559949 035 $a(PQKBTitleCode)TC0001423469 035 $a(PQKBWorkID)11433626 035 $a(PQKB)11489050 035 $a(MiAaPQ)EBC1707815 035 $a(Au-PeEL)EBL1707815 035 $a(CaPaEBR)ebr11019573 035 $a(CaONFJC)MIL726362 035 $a(DE-B1597)636989 035 $a(DE-B1597)9781782385769 035 $a(EXLCZ)993710000000355268 100 $a20150216h20152015 uy 0 101 0 $aeng 135 $aur|n|---||||| 181 $ctxt 182 $cc 183 $acr 200 10$aBodies in pain $eemotion and the cinema of Darren Aronofsky /$fTarja Laine 210 1$aNew York, New York ;$aOxford, England :$cberghahn,$d2015. 210 4$d©2015 215 $a1 online resource (194 p.) 300 $aDescription based upon print version of record. 311 $a1-322-95080-6 311 $a1-78238-575-4 320 $aIncludes bibliographical references and index. 327 $a""Contents ""; ""Figures ""; ""Acknowledgements ""; ""Introduction ""; ""Chapter One. Noise""; ""Chapter Two. Rhythm""; ""Chapter Three. Grief""; ""Chapter Four. Masochism""; ""Chapter Five. The Uncanny Sublime""; ""Conclusion ""; ""Appendix ""; ""Bibliography ""; ""Index "" 330 $a The films of Darren Aronofsky invite emotional engagement by means of affective resonance between the film and the spectator's lived body. Aronofsky's films, which include a rich range of production from Requiem for a Dream to Black Swan, are often considered ""cerebral"" because they explore topics like mathematics, madness, hallucinations, obsessions, social anxiety, addiction, psychosis, schizophrenia, and neuroscience. Yet this interest in intelligence and mental processes is deeply embedded in the operations of the body, shared with the spectator by means of a distinctively corporeal aud 606 $aEmotions in motion pictures 615 0$aEmotions in motion pictures. 676 $a791.4302/33092 686 $aAP 51400$2rvk 700 $aLaine$b Tarja$0847318 801 0$bMiAaPQ 801 1$bMiAaPQ 801 2$bMiAaPQ 906 $aBOOK 912 $a9910787403403321 996 $aBodies in pain$93760511 997 $aUNINA LEADER 02718nam 2200433 450 001 9910796207303321 005 20230125221710.0 010 $a94-6166-217-3 035 $a(CKB)3790000000535156 035 $a(OCoLC)1009361194 035 $a(MdBmJHUP)muse60328 035 $a(MiAaPQ)EBC5117829 035 $a(Au-PeEL)EBL5117829 035 $a(CaPaEBR)ebr11475000 035 $a(EXLCZ)993790000000535156 100 $a20171221h20172017 uy 0 101 0 $adut 135 $aur|||||||nn|n 181 $ctxt$2rdacontent 182 $cc$2rdamedia 183 $acr$2rdacarrier 200 10$aJ.S. Bach de h-Moll-Messe /$fIgnace Bossuyt 210 1$aLeuven, [Belgium] :$cUniversitaire Pers Leuven,$d2017. 210 4$d©2017 215 $a1 online resource (1 PDF (204 pages) :)$cmusic 300 $aIssued as part of book collections on Project MUSE. 311 $a94-6270-095-8 320 $aIncludes bibliographical references and index. 327 $aAan de lezer : een beknopte handleiding -- Inleiding -- Chronologie 1733-1750 -- Historische context -- De Missa voor Dresden : Kyrie en Gloria -- 1748/1749 : De voltooiing van de Missa tota -- De parodie in de h-Moll-Messe -- Receptiegeschiedenis. 330 $aDe fascinerende geschiedenis van Bachs muzikaal testament. Enkele maanden vo?o?r zijn overlijden in 1750 voltooide Johan Sebastian Bach zijn muzikaal testament: de h-Moll-Messe. Hij cree?erde hiermee een bewonderenswaardige synthese van de hele geschiedenis van de mis, het genre dat ook toen nog gold als de? toetssteen voor compositorisch vernuft en scherpzinnige tekstinterpretatie. Middeleeuwen, renaissance en barok versmelten in Bachs ultieme meesterwerk tot wellicht de meest universele compositie uit het West-Europese repertoire. Op basis van het recentste onderzoek schetst Ignace Bossuyt de fascinerende ontstaansgeschiedenis van de h-Moll-Messe binnen het historische, muzikale en religieuze kader van Bachs tijd. Hij bespreekt in detail de vijf delen van de mis (Kyrie, Gloria, Credo, Sanctus en Agnus Dei), fragment per fragment, met aandacht voor zowel de puur muzikale aspecten als de theologische en symbolische duiding van de mistekst. In een apart hoofdstuk gaat hij dieper in op het gebruik van de parodie of de herwerking van vroeger gecomponeerde muziek, een van de basistechnieken die Bach ook hier toepaste. Ten slotte komen we ook te weten hoe de mis onthaald werd vanaf Bachs sterfjaar tot op heden. 676 $a782.3232 700 $aBossuyt$b Ignace$01468360 801 0$bMiAaPQ 801 1$bMiAaPQ 801 2$bMiAaPQ 906 $aBOOK 912 $a9910796207303321 996 $aJ.S. Bach de h-Moll-Messe$93819569 997 $aUNINA LEADER 03785nam0 22007693i 450 001 RAV0050262 005 20251003044320.0 010 $a8836503101 020 $aIT$b7911466 100 $a19890617d1978 ||||0itac50 ba 101 | $aita 102 $ait 181 1$6z01$ai $bxxxe 182 1$6z01$an 183 1$6z01$anc$2RDAcarrier 200 1 $aˆLe ‰città$fTouring club italiano 210 $aMilano$cTouring club italiano$d1978 215 $a207 p.$cill.$d29 cm 225 | $aCapire l'Italia$v2 300 $aScritti di vari 410 0$1001RAV0033304$12001 $aCapire l'Italia$v2 421 1$1001RAV0050239$12001 $aˆLe ‰città$eitinerari 500 10$aˆLe ‰città $3USM0055973$9CFIV002046$9445776 606 $aCittà$xItalia$2FIR$3CFIC016439$9E 676 $a307.760945$9Comunita urbane. Italia$v12 676 $a307.760945$9COMUNITA URBANE. ITALIA$v20 676 $a307.760945$9$v21 676 $a307.760945$9Comunita urbane. Italia$v22 676 $a711$9URBANISTICA (PIANIFICAZIONE TERRITORIALE)$v14 676 $a711.0945$9$v12 676 $a711.0945$9PIANIFICAZIONE TERRITORIALE (URBANISTICA). ITALIA$v19 676 $a711.0945$9URBANISTICA (PIANIFICAZIONE TERRITORIALE). Italia$v21 676 $a711.40945$9PIANIFICAZIONE URBANISTICA DELLE CITTA' IN ITALIA$v20 676 $a711.40945$9PIANI E PIANIFICAZIONE MUNICIPALE. Italia$v21 676 $a914.5$9GEOGRAFIA. ITALIA$v12 676 $a914.5$9Geografia e viaggi. Italia$v14 676 $a914.5$9GEOGRAFIA. ITALIA$v18 676 $a914.5$9GEOGRAFIA. ITALIA$v20 676 $a914.5$9GEOGRAFIA. ITALIA$v21 676 $a914.5$9GEOGRAFIA. ITALIA$v23 676 $a945$9Storia - Penisola italiana e isole adiacenti Italia$v14 676 $a945$9STORIA. ITALIA$v21 710 02$aTouring club italiano$3CFIV002046$4070$05623 791 02$aTCI$3CFIV148662$zTouring club italiano 791 02$aTouring club of Italy$3CFIV178973$zTouring club italiano 791 02$aItalienischer Touring Club$3CFIV277665$zTouring club italiano 791 02$aTouring club editore$3CFIV323587$zTouring club italiano 791 02$aTouring club ciclistico italiano$3NAPV111118$zTouring club italiano 791 02$aConsociazione turistica italiana$3RAVV054909$yTouring club italiano 801 3$aIT$bIT-000000$c19890617 850 $aIT-BN0095 $aIT-SA0037 $aIT-CE0017 $aIT-NA0243 $aIT-NA0045 $aIT-NA0079 $aIT-NA0206 $aIT-BN0116 $aIT-NA0298 $aIT-AV0045 $aIT-BN0015 901 $bNAP MV$cH $nARTE E STORIA 901 $bNAP GA$cF.CORRIDOI$nFondo antico e moderno 901 $bNAP 48$cARMADI $n$ 901 $bNAP FA$cA $n$ 901 $bNAP GC$cMEDIATECA1$n$ 901 $bNAP 42$cF. PINTO $n$ 901 $bNAP 01$cPOZZO LIB.$nVi sono collocati fondi di economia, periodici di ingegneria e scienze, periodici di economia e statistica e altri fondi comprendenti documenti di economia pervenuti in dono. 901 $bNAP 67$cSALA F $nComprende monografie di vario argomento 901 $bNAP BN$cS.C. $n$ 901 $bNAP PB$cP. LETTURA$n$ 912 $aRAV0050262 950 0$aBiblioteca Centralizzata di Ateneo$c1 v.$d 01POZZO LIB.F. FRAGOLA 158$e 0101 0060067155E VMA 1 v. (Precedente collocazione F 418)$fB $h20221021$i20221021 950 0$aCentro Librario e Bibliotecario per la Diffusione della cultura$c1 v.$d 67SALA F GEO 69/2$e 67 0000409975 VMA 1 v.$fA $h20210928$i20210928 977 $a 01$a 42$a 48$a 67$a AB$a BN$a FA$a GA$a GC$a MV$a PB 996 $aCITTA$9445776 997 $aUNISANNIO